000 00601cam a22002053a 4500
001 39282
003 PGUSA
005 20140828083855.0
008 120327s2012||||xxu|||||s|||||000 | eng d
040 _aPGUSA
_beng
042 _adc
100 1 _aWillard, J. H.
_q(James Hartwell),
_d1847-
245 1 4 _aThe Adopted Son :
_bThe Story of Moses
_h[electronic resource] /
_cJ. H. Willard
260 _bProject Gutenberg,
_c2012
506 _aPublic domain in the USA.
516 _aElectronic text
830 0 _aProject Gutenberg
_v39282
856 4 0 _uhttp://www.gutenberg.org/ebooks/39282
942 _cEB
999 _c268535
_d268535